| 000 | 00766nam a2200229 a 4500 | ||
|---|---|---|---|
| 003 | DO-SdBNP | ||
| 005 | 20220923100031.0 | ||
| 007 | ta | ||
| 008 | 220921e2019 dr ac||gr|||| 00| 0bspa d | ||
| 040 |
_aDO-SdBNP _bspa _cBNPHU |
||
| 082 | 4 |
_222 _bC215d |
|
| 245 | 0 | 0 |
_aCanción Dominicana de arte, "de orilla a orilla": _b14 de marzo de 2019 |
| 260 |
_aLisboa, Portugal : _b[s.n.] _c2019 |
||
| 300 |
_a[11] p. : _bil., retr. ; _c25 cm. |
||
| 500 | _aEn memoria a Arístides Incháustegui. | ||
| 500 | _aInvita la Embajada Dominicana en Portugal. Sala D. Luis I Palacio Nacional de Ajuda. | ||
| 590 | _aInventariado 2022 / MF | ||
| 650 | 4 |
_923022 _aCanciones Dominicana |
|
| 650 | 4 |
_935058 _aCancioneros _zRepública Dominicana |
|
| 910 | _aMFeliz | ||
| 942 |
_2ddc _cLF2 |
||
| 999 |
_c52437 _d52437 |
||